000 00805nam a2200265 a 4500
001 61057
003 BD-RjUL
005 20211209080921.0
008 170114s1976 nyua b 001 0 eng d
020 _a0070440611
035 _a(BD-RjUL)61181
040 _aDLC
_cDLC
_dDLC
_beng
041 _aeng
082 0 0 _a651.74
_223
_bMUE 1976
100 1 _aMurphy, Herta A.
_9182215
245 1 0 _aEffective business communications /
_cHerta A. Murphy, Charles E. Peck.
250 _a2nd. ed.
260 _aNew York :
_bMcGraw-Hill,
_cc1976.
300 _axiii, 703 p. :
_bill. ;
_c24 cm.
504 _aIncludes bibliographies and index.
650 0 _aCommercial correspondence.
_9177239
650 0 _aBusiness communication.
_9182111
700 1 _aPeck, Charles Edwin,
_d1912-1972.
_9182216
942 _2ddc
_cBK
999 _c61057
_d61057